1707 1974 1378 1022 1548 1170 1328 1622 1845 1615 1142 1399 1181 1269 1105 1196 1625 1311 1304 1652 1315 1364 1634 1709 1657 1452 1200 1161 1263 1794 1780 1180 1159 1407 1825 1316 1882 1785 1667 1994 1817 1122 1297 1399 1715 1929 1182 1899 1601 1806 1365 1566 1802 1762 1844 1792 1200 1678 1197 1057 1270 1405 1095 1795 1609 1121 1722 1220 1038 1992 1737 1543 1697 1434 1299 1806 1478 1022 1514 1268 1417 1097 1077 1662 1300 1999 1437 1974 1763 1027 1900 1631 1043 1950 1470 1682 1608 1026 1097 BCNSPRNW ULIB Ver.6.0+V

เปลี่ยนเป็นภาษาไทย

Change to English
 แสดงรายละเอียดบรรณานุกรม
  กลับหน้าหลัก

Brief Record : Get Marc (ISO 2709) : E-mail record : QR code < ปิดหน้าต่าง
LEADER : 00000nam 2200000uu 4500
001    13399111776
003     ULIB
008    110627s2551||||th 000 0 tha d
020    9789749753910
090    นว.^bL111ซ 2551
100 0  Lucky Lady_Aon
245 00 ซุปเปอร์บอยสุดเฮี้ยว VS ยัยเซี้ยวสุดแสบ/^cLucky Lady_Aon
250    พิมพ์ครั้งที่ 1
260    กรุงเทพฯ :^bSugar rian,^c2551
300    191 หน้า
945    ^p149^l0^i024469
995    ทศพร
999 ^a ใช้งานได้ทุกระบบ
รายการนี้ยังไม่มีแท็ก
คุณยังไม่ได้ล็อกอิน คุณสามารถมีกิจกรรมร่วมกับเว็บไซต์ได้ แต่ต้องล็อกอินก่อน ::
  ล็อกอิน

รายการสื่อสารสนเทศ

ลำดับที่ ประเภท เลขเรียก/บาร์โค้ด สถานที่ สถานะ
1. นวนิยาย
นวนิยาย
นว. L111ซ 2551 ฉ.1 
  Barcode: 024469
ห้องสมุดวิทยาเขตสวรรค์ประชารักษ์
►นวนิยาย
บนชั้น
  ขอยืม

BibComment


ยังไม่เคยถูกคอมเมนท์

คอมเมนท์ทรัพยากรรายการนี้
  คอมเมนท์: ซุปเปอร์บอยสุดเฮี..


 Copyright 2026. Bcnsprnw @Library